00282nam a2200097 a 450000500170000000800410001705000170005810000170007524500510009226000410014320140414131926.0101027s19uu xx 00 eng d aERbP66 1985 aBlyton, Enid aPipes for old puff :bThe little down cushion. aLondon :bAward Publications,c1985.